Phân tích hiện trạng phát triển công nghệ sinh học trong lĩnh vực công nghệ thực phẩm, y tế - dược và bảo vệ môi trường tại tỉnh Đồng Tháp : Luận văn tốt nghiệp Cao học. Chuyên ngành Phát triển nông thôn

Đề tài đánh giá thực trạng và khả năng phát triển công nghệ sinh học trong lĩnh vực công nghệ thực phẩm, y tế - dược và bảo vệ môi trường tại tỉnh Đồng Tháp. Đề xuất giải pháp và quy mô ứng dụng công nghệ sinh học....

Full beskrivning

Sparad:
Bibliografiska uppgifter
Huvudupphovsman: Võ, Thanh Quang
Materialtyp: Bok
Språk:Undetermined
Publicerad: Cần Thơ Trường Đại học Cần Thơ 2015
Ämnen:
Taggar: Lägg till en tagg
Inga taggar, Lägg till första taggen!
Thư viện lưu trữ: Trung tâm Học liệu Trường Đại học Cần Thơ
LEADER 01289nam a2200217Ia 4500
001 CTU_205130
008 210402s9999 xx 000 0 und d
082 |a 660.6 
082 |b Qu106 
088 |a 60620116 
100 |a Võ, Thanh Quang 
245 0 |a Phân tích hiện trạng phát triển công nghệ sinh học trong lĩnh vực công nghệ thực phẩm, y tế - dược và bảo vệ môi trường tại tỉnh Đồng Tháp : 
245 0 |b Luận văn tốt nghiệp Cao học. Chuyên ngành Phát triển nông thôn 
245 0 |c Võ Thanh Quang ; Lê Thanh Phong, Trần Nhân Dũng (Cán bộ hướng dẫn) 
260 |a Cần Thơ 
260 |b Trường Đại học Cần Thơ 
260 |c 2015 
520 |a Đề tài đánh giá thực trạng và khả năng phát triển công nghệ sinh học trong lĩnh vực công nghệ thực phẩm, y tế - dược và bảo vệ môi trường tại tỉnh Đồng Tháp. Đề xuất giải pháp và quy mô ứng dụng công nghệ sinh học. 
650 |a Công nghệ sinh học,Biotechnology 
904 |i Hải 
980 |a Trung tâm Học liệu Trường Đại học Cần Thơ